000 03476cam a22004097i 4500
001 22478202
003 CSPC
005 20251120102530.0
008 220324s2022 maua b 001 0 eng
010 _a 2022935502
020 _a9780137843107
_q(paperback)
035 _a22478202
040 _aDLC
_beng
_erda
_cDLC
_dDLC
_dCSPC
050 0 4 _aQA76.76.H94
_bD65 2022
082 0 4 _223
_a006.74
_bD714l
100 1 _aDonahoe, Lee,
_eauthor.
245 1 0 _aLearn enough HTML, CSS and layout to be dangerous :
_ban introduction to modern website creation and templating systems /
_cLee Donahoe and Michael Hartl.
264 1 _aBoston :
_bPearson/Addison-Wesley,
_c2022.
300 _axxiii, 655 pages :
_billustrations (chiefly color) ;
_c24 cm.
336 _atext
_btxt
_2rdacontent
337 _aunmediated
_bn
_2rdamedia
338 _avolume
_bnc
_2rdacarrier
490 0 _aLearn enough series
500 _aMinimal Level Cataloging Plus.
_5DLC
504 _aIncludes bibliographical references and index.
505 0 _aPart I. Hypertext markup language -- Basic HTML -- Filling in the index page -- More pages, more tags -- Inline styling -- Part II. Cascading style sheets and page layout -- Introduction to CSS -- The style of style -- CSS values: color and sizing -- The box model -- Laying it all out -- Page templates and frontmatter -- Specialty page layouts with flexbox -- Adding a blog -- Mobile media queries -- Adding more little touches -- CSS grid -- Part III. Custom domains -- A name of our own -- Custom email.
520 _a"To design, build, and deploy modern websites, you need three core skills: the ability to write and edit HTML, wield CSS to control page design, and create efficient web layouts that serve users well. But you don't need to learn "everything" about HTML, CSS and web layout, just how to use them efficiently to solve real problems. In Learn Enough HTML, CSS and Layout to be Dangerous, expert developer Lee Donahoe and renowned instructor Michael Hartl teach the specific concepts, skills, and approaches you need to get the job done. Even if you've never created a web page, the authors help you quickly build technical sophistication and master the lore you need to succeed. Focused exercises help you internalize what matters, without wasting time on details pros don't care about. Coverage includes: deploying a simple but real website to the live Web right away; adding advanced styling to websites, including CSS Flexbox and CSS Grid; installing and configuring Jekyll, a static site generator; getting started with templating systems and programming languages; mastering key layout principles for web design; registering and configuring custom domains, with custom URLs and email addresses; receiving email at your domain with Google's G Suite; setting up analytics to better understand your site's visitors; and making all these technologies work well together"--
_cProvided by publisher.
650 0 _aHTML (Document markup language).
650 0 _aCascading style sheets.
650 0 _aWeb sites
_xDesign.
650 0 _aWeb site development.
700 1 _aHartl, Michael,
_eauthor.
906 _a7
_bcbc
_ccopycat
_d4
_encip
_f20
_gy-gencatlg
942 _2ddc
_cBK
_e23
_h006.74
_iD714l
_kGRD
_m2022
_n0
999 _c30397
_d30397